<?xml version="1.0" encoding="UTF-8"?>
<record
    xmlns:xsi="http://www.w3.org/2001/XMLSchema-instance"
    xsi:schemaLocation="http://www.loc.gov/MARC21/slim http://www.loc.gov/standards/marcxml/schema/MARC21slim.xsd"
    xmlns="http://www.loc.gov/MARC21/slim">

  <leader>00805cam a2200169u  4500</leader>
  <controlfield tag="001">000019918</controlfield>
  <controlfield tag="005">20200929170205.0</controlfield>
  <controlfield tag="008">840817s1967    pr a          000 0 spa  </controlfield>
  <datafield tag="040" ind1=" " ind2=" ">
    <subfield code="a">DO-SdBNP</subfield>
    <subfield code="b">spa</subfield>
    <subfield code="c">BNPHU</subfield>
  </datafield>
  <datafield tag="245" ind1="0" ind2="0">
    <subfield code="a">Temas universales del teatro espanol /</subfield>
    <subfield code="c">Tirso de Molina, Jos&#xE9; Zorrilla, Calder&#xF3;n de la Banca.</subfield>
  </datafield>
  <datafield tag="260" ind1=" " ind2=" ">
    <subfield code="a">San Juan, de Puerto Rico :</subfield>
    <subfield code="b">Editorial del Departamento de Instruccion P&#xFA;blica,</subfield>
    <subfield code="b">Estado Libre Asociado de Puerto Rico,</subfield>
    <subfield code="c">1967.</subfield>
  </datafield>
  <datafield tag="300" ind1=" " ind2=" ">
    <subfield code="a">317 p. :</subfield>
    <subfield code="b">il. ;</subfield>
    <subfield code="c">22 cm.</subfield>
  </datafield>
  <datafield tag="650" ind1=" " ind2="0">
    <subfield code="a">Spanish drama.</subfield>
    <subfield code="9">42479</subfield>
  </datafield>
  <datafield tag="700" ind1="1" ind2=" ">
    <subfield code="a">Molina, Tirso de,</subfield>
    <subfield code="d">1571?-1648.</subfield>
    <subfield code="t">Burlador de Sevilla y el convidado de piedra. [from old catalog]</subfield>
    <subfield code="9">42480</subfield>
  </datafield>
  <datafield tag="700" ind1="1" ind2=" ">
    <subfield code="a">Zorilla y Moral, Jose,</subfield>
    <subfield code="d">1817-1893.</subfield>
    <subfield code="t">Don Juan Tenorio.</subfield>
    <subfield code="9">42481</subfield>
  </datafield>
  <datafield tag="700" ind1="1" ind2=" ">
    <subfield code="a">Calderon de la Barca, Pedro,</subfield>
    <subfield code="d">1600-1681.</subfield>
    <subfield code="t">Vida es sueno.</subfield>
    <subfield code="9">39560</subfield>
  </datafield>
  <datafield tag="952" ind1=" " ind2=" ">
    <subfield code="0">0</subfield>
    <subfield code="1">0</subfield>
    <subfield code="5">0</subfield>
    <subfield code="7">1</subfield>
    <subfield code="8">MO</subfield>
    <subfield code="a">GR</subfield>
    <subfield code="b">GR</subfield>
    <subfield code="c">CT</subfield>
    <subfield code="d">2010-07-09</subfield>
    <subfield code="i">LF1</subfield>
    <subfield code="l">0</subfield>
    <subfield code="o"> </subfield>
    <subfield code="p">19918-10</subfield>
    <subfield code="r">2020-06-25</subfield>
    <subfield code="w">2020-06-25</subfield>
    <subfield code="y">1</subfield>
    <subfield code="Z">No se presta</subfield>
  </datafield>
  <datafield tag="999" ind1=" " ind2=" ">
    <subfield code="c">19431</subfield>
    <subfield code="d">19431</subfield>
  </datafield>
</record>
